000 00268nam a2200109 a 4500
005 20140414132004.0
008 110216s19uu xx 00 eng d
050 _aTR
_bAl5 2003
100 _aKuklin, Susan
245 _aAll aboard! a true train story.
999 _c113129
_d113129